000 00378nam a2200157Ia 4500
003 OSt
005 20241126110327.0
008 160509b xxu||||| |||| 00| 0 eng d
040 _cGBC
082 _a222.11
_bLAL
100 _a"LALTHANLIANA, R."
245 _aGENESIS CHHUI ZAUNA (BUNG 1 - 11)
260 _bTHE EVANGELICAL FREE CHURCH OF BURMA
260 _c1977
942 _2ddc
_cBK
999 _c16
_d16